The Borana Plateau of southern Ethiopia : (Record no. 19265)

000 -LEADER
fixed length control field 00748nam a2200217 a 4500
020 ## - INTERNATIONAL STANDARD BOOK NUMBER
ISBN 9290532831
040 ## - CATALOGING SOURCE
Transcribing agency DLC
082 ## - DEWEY DECIMAL CLASSIFICATION NUMBER
Classification number 963 AGI 1994 C153 Or.
100 1# - MAIN ENTRY--AUTHOR NAME
Personal name Coppock, David Layne.
245 14 - TITLE STATEMENT
Title The Borana Plateau of southern Ethiopia :
Remainder of title synthesis of pastoral research, development, and change, 1980-91 /
260 ## - PUBLICATION, DISTRIBUTION, ETC. (IMPRINT)
Place of publication Addis Ababa, Ethiopia :
Name of publisher International Livestock Centre for Africa,
Year of publication 1994.
300 ## - PHYSICAL DESCRIPTION
Number of Pages xv, 299, [95] p. :
Other physical details ill., maps (1 col.) ;
Dimensions 30 cm.
500 ## - GENERAL NOTE
General note One col. map on 1 folded leaf inserted.
650 #0 - SUBJECT ADDED ENTRY--TOPICAL TERM
Topical Term Boran (African people)
650 #0 - SUBJECT ADDED ENTRY--TOPICAL TERM
Topical Term Boran (African people)
650 #0 - SUBJECT ADDED ENTRY--TOPICAL TERM
Topical Term Boran (African people)
650 #0 - SUBJECT ADDED ENTRY--TOPICAL TERM
Topical Term Pastoral systems
650 #0 - SUBJECT ADDED ENTRY--TOPICAL TERM
Topical Term Livestock
650 #0 - SUBJECT ADDED ENTRY--TOPICAL TERM
Topical Term Range management
942 ## - ADDED ENTRY ELEMENTS (KOHA)
Koha item type ADB
952 ## - LOCATION AND ITEM INFORMATION (KOHA)
Withdrawn status [LOCAL, KOHA] 0
Holdings
Source of acquisition Permanent Location Date acquired Koha item type Lost status Shelving location Current Location Full call number
A39530Library Block C2020-09-01សៀវភៅភាសាអង់គ្លេស C153Library Block C963 AGI 1994 C153 Or.
មជ្ឈមណ្ឌលឯការនៃសាកលវិទ្យាល័យភូមិន្ទកសិកម្មចំការដូង

Powered by Koha